| 000 | 01287nab a22002537a 4500 | ||
|---|---|---|---|
| 999 |
_c6508 _d6508 |
||
| 003 | OSt | ||
| 005 | 20260213130752.0 | ||
| 008 | 190604e xxu||||| |||| 00| 0 spa d | ||
| 040 | _cPJ | ||
| 100 |
_97116 _aSiano, Juan Martín |
||
| 245 | 1 | 0 |
_aEn el camino hacia los presupuestos mínimos de protección ambiental en actividades hidrocarburíferas / _cJuan Martín Siano, Nicolás Bontá. |
| 260 |
_aCiudad Autónoma de Buenos Aires : _bThomson Reuters La Ley, _c2025. |
||
| 300 | _ap. 5-16 | ||
| 500 | _aCita Online: TR LALEY AR/DOC/3200/2025. | ||
| 505 | _aSumario: I. Introducción.— II. Todo es historia.— III. El decreto 1057/24.— IV. Nuevamente sobre los "presupuestos mínimos".— V. Una particularidad del marco normativo armonizado.— VI. Contenido del marco normativo armonizado.— VII. Colofón. | ||
| 505 | _t¿Te interesa el texto completo? Solicitalo al correo: koha@justierradelfuego.gov.ar | ||
| 650 | 0 |
_93979 _aHIDROCARBUROS |
|
| 650 | 0 |
_92848 _aDERECHO AMBIENTAL |
|
| 650 | 0 |
_95830 _aRESIDUOS PELIGROSOS |
|
| 650 | 0 |
_93251 _aDAÑO AMBIENTAL |
|
| 700 |
_97117 _aBontá, Nicolás |
||
| 773 | 0 |
_02714 _93171 _dCiudad Autónoma de Buenos Aires : Thomson Reuters La Ley, 2014- _tRevista anales de legislación argentina. Nº 1- Enero 2026. |
|
| 942 |
_2udc _cANA |
||